3-Letter History #2 - Statistics

General Stats
  • This quiz has been taken 43 times
  • The average score is 18 of 28
Answer Stats
Question Answer % Correct
Attila the ___, 5th century European warlord Hun
100%
This substance was dumped in Boston Harbor in protest against British taxation Tea
95%
Confectionery item famously banned in Singapore Gum
93%
___ Pot, Cambodian dictator Pol
93%
According to the Bible, Eve was created from this part of Adam's body Rib
90%
Conical hat associated with the Ottoman Empire Fez
88%
___ Kippur, the holiest day in Judaism Yom
88%
Cleopatra supposedly killed herself with the poison of this reptile Asp
83%
According to Friedrich Nietzsche, "___ is dead" God
83%
At the Battle of Hastings, Harold II was struck in this organ by a stray arrow Eye
78%
Biblical character whose wife was turned into a pillar of salt Lot
73%
The Romans sourced this metal in Cornwall and Devon Tin
73%
Insurgency group active during the Troubles (inits.) IRA
68%
___ top, hairstyle favoured by the Beatles Mop
68%
Weapon allegedly used by Lizzie Borden to murder her father and stepmother Axe
66%
Animal "executed" by former South Dakota governor Kristi Noem Dog
61%
Largest ethnic group in China Han
61%
US Government department responsible for collecting federal taxes (inits.) IRS
61%
'Fortunate ___', Vietnam-era protest song by Credence Clearwater Revival Son
56%
Papal name of Robert Francis Prevost Leo
54%
___ Kelly, Australian outlaw Ned
54%
British military branch founded in 1918 by Lord Trenchard (inits.) RAF
51%
Games console released by Nintendo in 2006 Wii
51%
Currency unit of both North and South Korea Won
51%
1965 Motown hit by James Brown, 'Papa's Got a Brand New ___' Bag
46%
Vietnam War protest slogan, "Hey, hey, ___! How many kids did you kill today?" (inits.) LBJ
27%
Canada's first female prime minister, ___ Campbell Kim
20%
Seljuk Sultanate of ___, late-Medieval Turkish-Persian state Rum
12%
No matching quizzes found
Score Distribution
Percent of People with Each Score
Percentile by Number Answered
Your Score History
You have not taken this quiz